000 00293nam a22001337a 4500
008 170516b xxu||||| |||| 00| 0 eng d
020 _a9780753807125
041 _aeng
080 _a94
100 _a16
101 _aSHH
245 _aPLAGUE, POX & PECTILENCE
_cKIPLE, K.F
942 _2udc
_cBK
999 _c13339
_d13339